Carregant...
Budget and the parliament
| Autor principal: | |
|---|---|
| Format: | Printed Book |
| Publicat: |
New Delhi
National Publishing House
1979
|
| Matèries: |
| LEADER | 00413nam a22001217a 4500 | ||
|---|---|---|---|
| 082 | |a 328.54 |b SHA.B | ||
| 100 | |a Shakdher, S L | ||
| 245 | |a Budget and the parliament | ||
| 260 | |a New Delhi |b National Publishing House |c 1979 | ||
| 650 | |a legislative process | ||
| 942 | |c BK | ||
| 999 | |c 10901 |d 10901 | ||
| 952 | |0 0 |1 0 |4 0 |6 328_540000000000000_SHA_B |7 0 |9 12999 |a CAMPUS |b CAMPUS |d 2017-07-11 |l 0 |o 328.54 SHA.B |p 01641 |r 2017-07-11 |w 2017-07-11 |y BK | ||